Organic Materials for Humidity Detection

Bibliographic Details
Main Authors: Hamáček, Aleš (Author), Řeboun, Jan (Author), Kuberský, Petr (Author), Vik, Robert (Author), Pretl, Silvan (Author), Džugan, Tomáš (Author)
Format: Article
Language:English
ISBN:9788055306469

MARC

LEADER 00000naa a2200000uu 4500
001 vtls010926794
003 SK-MaSNL
005 20260302130553.0
008 210824|2011 xo |||||||||||||||||eng|
015 |a SNBRA 
035 |a (urnnbn)urn:nbn:sk:snk:ar-a0b0gf 
035 |a (uuid)b9461543-07e5-4c13-b10f-c75b0eb69a80 
035 |a urn:nbn:sk:snk-aatt1q 
040 |a SNKBUCL  |b slo  |c SNKBUCL  |e AACR2 
041 0 |a eng 
044 |a xo  |c SK 
100 1 |a Hamáček, Aleš  |4 aut  |9 772064 
245 1 0 |a Organic Materials for Humidity Detection  |c Aleš Hamáček, Jan Řeboun, Petr Kuberský, Robert Vik, Silvan Pretl, Tomáš Džugan 
700 1 |a Řeboun, Jan  |4 aut  |9 814302 
700 1 |a Kuberský, Petr  |4 aut  |9 814303 
700 1 |a Vik, Robert  |4 aut  |9 803283 
700 1 |a Pretl, Silvan  |4 aut  |9 814304 
700 1 |a Džugan, Tomáš  |4 aut  |9 814305 
773 0 |t ISSE 2011  |d Of Košice : Technical University, 2011  |g S. 48-49  |z 9788055306469 
958 |a OND 
958 |a article11 
958 |a chapter 
999 |c 1301413  |d 1303343